| 000 | 01434nam a22002537a 4500 | ||
|---|---|---|---|
| 999 |
_c56734 _d56734 |
||
| 003 | Ge_BSU | ||
| 005 | 20190516163202.0 | ||
| 008 | 190411b xxu||||| |||| 00| 0 geo d | ||
| 020 | _a9789941473937 | ||
| 041 | _ageo | ||
| 080 | _a392(=353.1)+316.752 | ||
| 100 |
_aმელიქიშვილი, ლია. _9159 |
||
| 245 |
_aღირებულების როლი ეთნოკულტურულ პროცესებში : Роль ценностей в этнокультурных процессах : The Roll of values in ethnocultural processes./ _cლია მელიქიშვილი, რედ.თამილა ცაგარეიშვილი. |
||
| 264 |
_aთბილისი : _cმწიგნობარი, _b2018. |
||
| 300 |
_a168 გვ .; _b21 სმ. |
||
| 504 | _aბიბლიოგრაფ. გვ: 163-167 | ||
| 546 | _b ტექსტი ქართულ, რუსულ,ინგლისურ ენაზე. | ||
| 653 | _aეთნოლოგია, | ||
| 653 | _aსოციოლოგია | ||
| 700 |
_aმელიქიშვილი,ლია _9150 |
||
| 700 |
_aცაგარეიშვილი,თამილა _9151 |
||
| 710 |
_aკავკასიის ხალხთა საერთაშორისო სამეცნიერო-კვლევითი ინსტიტუტი _9158 |
||
| 942 |
_2udc _cBK |
||